003100000a220007300045001000026000002450129000263000052001557730029002071 aPardo V., Héctor J.10aReligious equality for all : Héctor Pardo describes the impact of Colombia'a new constitution on protestants and catholics aVol. 6, Num. 2 (Abril-Junio, 1996), Página 150 tLatin America Evangelist